000 003880000a22001210004500
090 _aAS
_bSeriadas
245 1 0 _aCorales (<Anthozoa e Hidrozoa>) de la ensenada de Granate, pequeña bahía al este de Santa Marta, Colombia
041 0 _aEspañol
700 1 _aWerding, Bernard
_999239
100 1 _aErhardt, Harry
_913114
942 _cARTICULO
773 1 _tCaldasia
_345
_h53
_q107-150
_d1975
_g11
999 _c14523
_d14523